00786njm a22002177a 450000500170000000600190001700700150003600800410005102800390009203500130013104000130014410000230015724500800018026000500026030000890031050000170039950000490041650500480046560000230051365000320053620100916160145.0a|||||r|||||00| 0 sd ammalaaahaa100915t xxu||||| |||| 00| 0 eng d a45-QC.2024bSri Ghanshyamdas Birla aGR-02743 aSEDcSED aSubbulakshmi, M.S. aG.D. Birla Inaugration of Bits / cby M.S.Subbulakshmih[sound recording] : aDum Dum, India bSri Ghanshyamdas Birlac1964 a1 sound disc [Gramophone Recording]:banalog, 45 rpm c7 in. (SP)fGramophone Record aBrief Record aRecord labels :Sri Ghanshyamdas Birla,Orange aSide-2 Piba re ramarasam (M.S.Subbulakshmi) 2Subbulakshmi, M.S. aFilm songszIndiaxExcerpts